[Event "Baden-Baden"]
[Site "Baden-Baden"]
[Date "1985.??.??"]
[Round "2"]
[White "Timoshchenko, Gennadi A"]
[Black "Quinteros, Miguel A"]
[Result "0-1"]
[WhiteElo "2475"]
[BlackElo "2525"]

1.d4 Nf6 2.c4 e6 3.g3 c5 4.d5 exd5 5.cxd5 d6 6.Nc3 g6 7.Bg2 Bg7 8.Nf3 O-O
9.O-O Re8 10.Nd2 a6 11.a4 Nbd7 12.h3 Rb8 13.Nc4 Nb6 14.Na3 Bd7 15.Qc2 Qc7
16.Bd2 Nxa4 17.Nxa4 b5 18.Nc3 b4 19.Nc4 bxc3 20.Bxc3 Bb5 21.b3 Qe7 22.Rfe1 Nd7
23.Bxg7 Kxg7 24.Qc3+ Qf6 25.Qxf6+ Nxf6 26.Nxd6 Rxe2 27.Rxe2 Bxe2 28.Re1 Rb6
29.Nxf7 Kxf7 30.Rxe2 Rxb3 31.Ra2 Rb1+ 32.Kh2 Rb6 33.Ra5 Nd7 34.Bf1 Ke7 35.Bxa6 Kd6
36.Ra2 Nf6 37.Bf1 Nxd5 38.Ra8 Ke5 39.Rh8 Nf6 40.Rc8 Kd4 41.Rd8+ Kc3 42.Rc8 Kb4
43.Rc7 Rd6 44.Kg2 Rd7 45.Rc8 Ne4 46.f4 Nd2 47.Be2 Re7 48.Bg4 Nc4 49.h4 Ne3+
50.Kf3 c4 51.Rb8+ Ka3 52.Ra8+ Kb2 53.Rb8+ Kc2 54.h5 c3 55.hxg6 hxg6 56.Rc8 Kd2
57.Rd8+ Kc1 58.Rc8 c2 59.Bh3 Kd2 60.Rd8+ Kc3 61.Rc8+ Nc4 62.Bf1 Re3+  0-1

[Event "Baden-Baden"]
[Site "Baden-Baden"]
[Date "1985.??.??"]
[Round "4"]
[White "Timoshchenko, Gennadi A"]
[Black "Janssen, Han"]
[Result "1-0"]
[WhiteElo "2475"]
[BlackElo "2295"]

1.d4 Nf6 2.c4 e6 3.g3 c5 4.d5 exd5 5.cxd5 d6 6.Nc3 g6 7.Bg2 Bg7 8.Nf3 O-O
9.O-O a6 10.a4 Nbd7 11.Nd2 Re8 12.h3 Rb8 13.Nc4 Nb6 14.Na3 Bd7 15.Qc2 Qc7
16.Bd2 Nc8 17.Rab1 b5 18.axb5 Bxb5 19.Naxb5 axb5 20.b4 Ne7 21.Rfc1 Nf5 22.e3 Qd7
23.Ne2 Rec8 24.bxc5 dxc5 25.e4 Nd4 26.Nxd4 cxd4 27.Qd3 Rxc1+ 28.Rxc1 b4 29.Qxd4 Ng4
30.Qd3 Ne5 31.Qb3 Qa7 32.Rb1 Qd4 33.Be3 Qc4 34.Bf4 Qxb3 35.Rxb3 f6 36.Bf1 Bf8
37.Be3 Ra8 38.f4 Ra3 39.Rxa3 bxa3 40.Kg2 Nd7 41.Bc4 Bd6 42.Bd4 Kf7 43.Kf3 h6
44.Bc3 Nb6 45.Bb3 Nd7 46.Ba4 Nb6 47.Bb3 Nd7 48.Ba4 Nb6 49.Bc2 Nd7 50.Ba1 Ke7
51.Ba4 Nc5 52.Bc2 Nd7 53.Bb1 Kf7 54.Ba2 Ke7 55.Bc4 Nb6 56.Bb3 Nd7 57.Ba2 Kd8
58.Bc4 Ke7 59.Bb5 Nb6 60.e5 Bc5 61.d6+ Ke6 62.Ke4 h5 63.exf6 Bxd6 64.g4 hxg4
65.hxg4 Bb4 66.Be5 Bd2 67.Be2 Kf7 68.Bd1 Nd7 69.Bb3+ Ke8 70.Bd4 Bc1 71.g5 Nf8  1-0

[Event "Lugano op"]
[Site "Lugano"]
[Date "1985.??.??"]
[Round "?"]
[White "Keller, M."]
[Black "Sax, Gyula"]
[Result "0-1"]
[WhiteElo "2230"]
[BlackElo "2565"]

1.d4 Nf6 2.c4 e6 3.g3 c5 4.Nf3 cxd4 5.Nxd4 d5 6.Bg2 e5 7.Nc2 d4 8.O-O Nc6
9.e3 d3 10.Ne1 e4 11.Nc3 Bg4 12.f3 exf3 13.Nxf3 Bb4 14.Bd2 O-O 15.Qb3 Qe7
16.Nd5 Nxd5 17.cxd5 Bxd2 18.dxc6 Qxe3+ 19.Kh1 bxc6 20.Rad1 Rab8 21.Qa3 Bxf3
22.Rxf3 Qe2 23.Rdf1 Be3 24.Qe7 d2 25.Qxe3 d1=Q 26.Rxd1 Qxd1+ 27.Rf1 Qc2  0-1

[Event "Lugano op"]
[Site "Lugano"]
[Date "1985.??.??"]
[Round "1"]
[White "Pergericht, Daniel"]
[Black "Farago, Ivan"]
[Result "0-1"]
[WhiteElo "2240"]
[BlackElo "2495"]

1.d4 Nf6 2.c4 e6 3.g3 c5 4.Nf3 cxd4 5.Nxd4 d5 6.Bg2 e5 7.Nf3 d4 8.O-O Nc6
9.e3 Be7 10.exd4 exd4 11.Bf4 O-O 12.Ne5 Qb6 13.Nd2 Nxe5 14.Bxe5 Ng4 15.Nf3 Nxe5
16.Nxe5 Qxb2 17.Re1 Bf6 18.Bd5 Bxe5 19.Rxe5 d3 20.Re7 Bg4 21.f3 Bh3  0-1

[Event "WchT U26"]
[Site "Mendoza"]
[Date "1985.??.??"]
[Round "6"]
[White "Kindermann, Stefan"]
[Black "Kudrin, Sergey"]
[Result "1/2-1/2"]
[WhiteElo "2490"]
[BlackElo "2485"]

1.d4 Nf6 2.c4 e6 3.g3 c5 4.d5 exd5 5.cxd5 d6 6.Nc3 g6 7.Bg2 Bg7 8.Nf3 O-O
9.O-O Re8 10.Bf4 Nh5 11.Bg5 Qb6 12.Qd2 Na6 13.Rfe1 h6 14.Be3 Bd7 15.Rab1 Rac8
16.b4 Qc7 17.bxc5 Nxc5 18.Rec1 Qb8 19.Nd4 f5 20.Nc6 Qa8 21.Na5 b6 22.Nc6 Nf6
23.Bf4 Nfe4 24.Nxe4 fxe4 25.Nb4 Bf5 26.Qe3 Qb8 27.h3 Bd7 28.Qa3 Be5 29.Bxe5 Rxe5
30.Na6 Qa8  1/2-1/2

[Event "New York Manhattan"]
[Site "New York"]
[Date "1985.??.??"]
[Round "4"]
[White "Dlugy, Maxim"]
[Black "Lein, Anatoly"]
[Result "1/2-1/2"]
[WhiteElo "2485"]
[BlackElo "2465"]

1.d4 Nf6 2.c4 e6 3.g3 c5 4.Nf3 d5 5.cxd5 Nxd5 6.Bg2 cxd4 7.Nxd4 Bc5 8.O-O O-O
9.Nc3 Nxc3 10.bxc3 Qc7 11.Rb1  1/2-1/2

[Event "JUG-ch"]
[Site "Novi Sad"]
[Date "1985.??.??"]
[Round "?"]
[White "Cvitan, Ognjen"]
[Black "Cebalo, Miso"]
[Result "1/2-1/2"]
[WhiteElo "2465"]
[BlackElo "2485"]

1.d4 Nf6 2.c4 e6 3.g3 c5 4.d5 exd5 5.cxd5 d6 6.Bg2 g6 7.Nc3 Bg7 8.Nf3 O-O
9.O-O a6 10.a4 Nbd7 11.Nd2 Re8 12.h3 Rb8 13.Nc4 Nb6 14.Na3 Bd7 15.e4 Nc8
16.Qd3 Qc7 17.Be3 Na7 18.Rfc1 b5 19.b4 c4 20.Qf1 bxa4 21.Nxc4 Nb5 22.Nxa4 Nxe4
23.Bxe4 Bxa1 24.Nd2 Bxh3 25.Rxc7 Bxf1 26.Rc1 Rxe4 27.Nxe4 Bd3 28.Nxd6 Be5
29.Rc8+ Rxc8 30.Nxc8 Nd6 31.Ne7+ Kg7 32.Nc6 Bf6 33.Bf4 Ne4 34.Bc7 Bb5 35.Nb6 Bc3
36.f3 Nf6 37.Be5 Bxe5 38.Nxe5 Ne8 39.Ned7 f6 40.Nc5 Kf7 41.Nc8 f5 42.d6 Nf6
43.Nb6 g5  1/2-1/2

[Event "Tirnavia"]
[Site "Trnava"]
[Date "1985.??.??"]
[Round "3"]
[White "Meduna, Eduard"]
[Black "Mokry, Karel"]
[Result "1/2-1/2"]
[WhiteElo "2460"]
[BlackElo "2490"]

1.d4 Nf6 2.c4 e6 3.g3 c5 4.Nf3 cxd4 5.Nxd4 Bb4+ 6.Bd2 Qb6 7.Bxb4 Qxb4+ 8.Nc3 O-O
9.Nb5 Nc6 10.Qb3 a6 11.Qxb4 Nxb4 12.Na3 d5 13.Rd1 b5 14.cxd5 Bb7 15.Bg2 Nfxd5
16.Nxd5 Bxd5 17.Bxd5 exd5 18.Rd4 Nxa2 19.Kd2 b4  1/2-1/2

[Event "Augsburg"]
[Site "Augsburg"]
[Date "1986.??.??"]
[Round "?"]
[White "Hausner, Ivan"]
[Black "Gobet, Fernand"]
[Result "1-0"]
[WhiteElo "2430"]
[BlackElo "2355"]

1.d4 Nf6 2.c4 e6 3.g3 c5 4.d5 exd5 5.cxd5 d6 6.Nc3 g6 7.Bg2 Bg7 8.Nf3 O-O
9.O-O a6 10.a4 Nbd7 11.Bf4 Qe7 12.Qd2 Ng4 13.Rab1 Nde5 14.b4 Nxf3+ 15.Bxf3 g5
16.Bxg5 Bxc3 17.Bxe7 Bxd2 18.bxc5 dxc5 19.Bxc5 Ne5 20.Bg2 Re8 21.Rfd1 Nc4
22.d6 Bd7 23.Bxb7 Bxa4 24.Bxa8 Rxa8 25.Rxd2 Nxd2 26.Rb4 Bd7 27.Be3 a5 28.Rb7 Nf3+
29.exf3 Rd8 30.Bb6 Bc6 31.Bxd8 Bxb7 32.Bxa5 Bc6 33.g4 f6 34.Kg2 Kf7 35.Kg3 Ke6
36.Bb4 Bb5 37.f4 f5 38.f3 Kf6 39.h4 Bd7 40.h5 Ke6 41.Kh4 Kf6 42.Bc3+ Ke6
43.Be5 Bc6 44.g5 Bxf3 45.g6 h6 46.g7  1-0

[Event "Dortmund op"]
[Site "Dortmund"]
[Date "1986.??.??"]
[Round "10"]
[White "Conquest, Stuart"]
[Black "Farago, Ivan"]
[Result "1-0"]
[WhiteElo "2400"]
[BlackElo "2520"]

1.d4 Nf6 2.c4 e6 3.g3 c5 4.Nf3 cxd4 5.Nxd4 Bb4+ 6.Nc3 O-O 7.Bg2 d5 8.O-O dxc4
9.Nc2 Bxc3 10.bxc3 Qc7 11.Ne3 Rd8 12.Qa4 Nd5 13.Nxd5 exd5 14.Bxd5 Be6 15.Bf4 Qe7
16.Bxc4 Nd7 17.Bxe6 fxe6 18.Qb4 Nc5 19.Be3 Rac8 20.Rfd1 b6 21.a4 Rxd1+ 22.Rxd1 Qc7
23.Qg4 Qe7 24.h4 Nd7 25.Bd4 Rd8 26.Rd3 h6 27.Qe4 Nf8 28.Be5 Rc8 29.Bd6 Qf7
30.Rf3 Qd7 31.Rd3 Nh7 32.Be5 Qe7 33.Qd4 Re8 34.Qd7 Nf6 35.Qc6 Qf7 36.Rd4 Nd5
37.Rg4 g6 38.c4 Ne7 39.Qe4 Qf5 40.Bc3 Qxe4 41.Rxe4 Nf5 42.Bb4 Rc8 43.Kf1 Kf7
44.Ke1 h5 45.Kd2 Rd8+ 46.Kc2 Rd7 47.Rf4 e5 48.Re4 Nd4+ 49.Kb2 Nc6 50.Bc3 Kf6
51.Re3 Kf5 52.Rf3+ Ke6 53.Rf8 Na5 54.Bxa5 bxa5 55.Kc3 Rd1 56.Re8+ Kf6 57.Ra8 Rc1+
58.Kd3 Rd1+ 59.Kc3 Rc1+ 60.Kd3 Rd1+ 61.Ke3 Ra1 62.Ke4 Rxa4 63.Kd5 Ra2 64.e4 a4
65.Rxa7 Rd2+ 66.Kc5 Rxf2 67.Rxa4 Rf3 68.Ra6+ Kf7 69.Kd5 Rxg3 70.Kxe5 g5 71.Rf6+ Kg7
72.hxg5 h4 73.Kf4 Rc3 74.Rh6 h3 75.c5  1-0

[Event "Espoo"]
[Site "Espoo"]
[Date "1986.??.??"]
[Round "?"]
[White "Kekki, Jorma"]
[Black "Valkesalmi, Kimmo"]
[Result "0-1"]
[WhiteElo "2320"]
[BlackElo "2405"]

1.d4 Nf6 2.c4 e6 3.g3 c5 4.d5 d6 5.Nc3 exd5 6.cxd5 g6 7.Bg2 Bg7 8.Nf3 O-O
9.O-O Re8 10.Nd2 Nbd7 11.Nc4 Nb6 12.Ne3 Ng4 13.Nxg4 Bxg4 14.f3 Bd7 15.Qd3 Na4
16.Ne4 b5 17.Bg5 Qb6 18.Qd2 Rxe4 19.fxe4 Nxb2 20.Qf4 Be8 21.Bf6 Nc4 22.Bxg7 Kxg7
23.h4 Qd8 24.Rac1 Ne5 25.Rc3 b4 26.Rb3 Bd7 27.h5 g5 28.h6+ Kg6 29.Qf2 g4
30.Qe3 a5 31.Rf5 Bxf5 32.exf5+ Kf6 33.Qf4 Qg8 34.Qf2 Qg5 35.Re3 Re8 36.Re4 Qxh6
37.Rf4 Rb8 38.Qe1 Qf8 39.Qd1 Ra8 40.Kf2 h5 41.Re4 a4 42.Qd2 a3  0-1

[Event "Wch U20"]
[Site "Gausdal"]
[Date "1986.??.??"]
[Round "4"]
[White "Horvath, Csaba"]
[Black "Wahls, Matthias"]
[Result "1/2-1/2"]
[WhiteElo "2360"]
[BlackElo "2460"]

1.d4 Nf6 2.c4 e6 3.g3 c5 4.d5 exd5 5.cxd5 d6 6.Nc3 g6 7.Bg2 Bg7 8.Nf3 O-O
9.O-O Re8 10.Bf4 Nh5 11.Bg5 Qd7 12.Qb3 h6 13.Bd2 Na6 14.e4 Rb8 15.Rfe1 b5
16.Bf1 c4 17.Qc2 Nc5 18.Be3 Qc7 19.Bd4 Nf6 20.b4 cxb3 21.axb3 a6 22.e5 Bf5
23.Qb2 dxe5 24.Rxe5 Rbc8 25.b4 Ncd7 26.Rxf5 gxf5 27.Rxa6 Qb7 28.Ra7 Qb8 29.Ra5 Bf8
30.Nxb5 Nxd5 31.Na7 Nxb4 32.Nxc8 Qxc8 33.Rxf5 Nc5 34.Re5 Ne6 35.Bc3 Nc6 36.Rd5 Qa8
37.Bg2 Rb8 38.Rb5 Rd8 39.h4 Qa4 40.Kh2 Rd3 41.Rb6 Bc5 42.Rxc6 Qxc6 43.Ne5 Qd6
44.Nxd3 Qxd3 45.Bf6 Qf5 46.Kg1 Nf8 47.Bd4 Bxd4 48.Qxd4 Ne6 49.Qd7 Qf6 50.Bd5 Nf8
51.Qg4+ Kh8 52.Be4 Ne6 53.Kg2 Qe5 54.Bc2 Qf6 55.Qe4 Nf8 56.Qf5 Kg7 57.Kh3 Qd4
58.Bb1 Ng6 59.Bd3 Nf8 60.Bb1 Ng6 61.Bc2 Nf8 62.Qf3 Qf6 63.Bf5 Kh8 64.Qe4 Qa1
65.Kg2 Qf6 66.Qd5 Kg8 67.Kh3 Qb2 68.Qf3 Qa1 69.Bd3 Qd4 70.Qf5 Kg7 71.Bc2 Ng6
72.h5 Nf8 73.g4 Qd2 74.Kg2 Qd8 75.Qe5+ Kg8 76.Be4 Ne6 77.Qf5 Nf8 78.Qf4 Qe7
79.Bf5 Qf6 80.Qg3 Kg7 81.f4  1/2-1/2

[Event "ISL-ch"]
[Site "Grundarfjordur"]
[Date "1986.??.??"]
[Round "10"]
[White "Bjarnason, Saevar"]
[Black "Hjartarson, Johann"]
[Result "0-1"]
[WhiteElo "2395"]
[BlackElo "2505"]

1.d4 Nf6 2.c4 e6 3.g3 c5 4.d5 exd5 5.cxd5 d6 6.Nc3 g6 7.Bg2 Bg7 8.Nf3 O-O
9.O-O a6 10.a4 Nbd7 11.Bf4 Qc7 12.h3 Re8 13.Qc2 Rb8 14.a5 Nh5 15.Bg5 h6 16.Bc1 b5
17.axb6 Qxb6 18.Ra2 c4 19.g4 Ng3 20.Re1 Qb3 21.Qd2 Ne4 22.Nxe4 Rxe4 23.Ra3 Qb4
24.Qxb4 Rxb4 25.Nd2 Re7 26.Ne4 Be5 27.f4 Bd4+ 28.e3 Bc5 29.Rc3 Bb7 30.Rd1 a5
31.Nxc5 Nxc5 32.Ra3 a4 33.Ra2 Nd3 34.e4 f5 35.e5 dxe5 36.d6 Rd7 37.fxe5 Bxg2
38.Kxg2 fxg4 39.hxg4 Nxe5 40.Rd4 Nd3 41.Bxh6 Rxb2+ 42.Rxb2 Nxb2 43.Bd2 a3
44.Bc3 Kf7 45.Rd5 Na4 46.Be5 c3 47.Rd4 Ke6 48.Rxa4 Kxe5 49.Rxa3 Kd4  0-1

[Event "URS-FL"]
[Site "Irkutsk"]
[Date "1986.??.??"]
[Round "?"]
[White "Timoshchenko, Gennadi A"]
[Black "Psakhis, Lev"]
[Result "1/2-1/2"]
[WhiteElo "2475"]
[BlackElo "2555"]

1.d4 Nf6 2.c4 e6 3.g3 c5 4.d5 exd5 5.cxd5 d6 6.Nc3 g6 7.Bg2 Bg7 8.Nf3 O-O
9.O-O a6 10.a4 Nbd7 11.Nd2 Re8 12.a5 b5 13.axb6 Nxb6 14.Nb3 Nc4 15.Ra4 Nb6
16.Ra2 Nc4 17.Ra4 Nb6 18.Ra2 Nc4 19.Ra4  1/2-1/2

[Event "Jerusalem"]
[Site "Jerusalem"]
[Date "1986.??.??"]
[Round "?"]
[White "Birnboim, Nathan"]
[Black "Murrey, Jacob"]
[Result "1/2-1/2"]
[WhiteElo "2445"]
[BlackElo "2490"]

1.d4 Nf6 2.c4 e6 3.g3 c5 4.d5 exd5 5.cxd5 d6 6.Bg2 Be7 7.Nc3 O-O 8.Nf3 Re8
9.O-O Bf8 10.Nd2 Na6 11.a3 Rb8 12.b4 b5 13.Nb3 Bd7 14.Bb2 Ng4 15.Na5 Ne5
16.Qb3 Qb6 17.Ne4 Bf5 18.Nd2 cxb4 19.axb4 Nc4 20.Naxc4 bxc4 21.Qf3 Bg6 22.Nxc4 Qxb4
23.Qf4 Nc5 24.Ba3 Qb5 25.Nxd6 Bxd6 26.Qxd6 Ne4 27.Qc6 Qxe2 28.Rab1 Qa2 29.Ra1 Qe2
30.d6 Rec8 31.Qd5 Nc3 32.Qa5 Qd3 33.Rfe1 Rd8 34.Bf1 Qd2 35.Bb4 Ne2+ 36.Rxe2 Qxb4
37.Qxb4 Rxb4 38.Rd2 Rb7 39.f4 Kf8 40.Kf2 Be4 41.Ke3 Bf5 42.Ra5 g6 43.Bc4 Rb4
44.Rc5 Rb6 45.Rc7 Rd7 46.Rxd7 Bxd7 47.Rd5 a5 48.Kd4 a4 49.Ke5 Kg7 50.Ra5 Rb4
51.Rc5 Rb7 52.Ra5 Rb4 53.Rc5 Rb7 54.Kd5 Rb4 55.Kd4 Kf6 56.Kc3 Rb7 57.Rd5 Rb1
58.Re5 a3 59.Re7 Be6 60.Bxe6 fxe6 61.Rxh7 Rb8 62.d7 e5 63.fxe5+ Ke6 64.d8=Q Rxd8
65.Ra7 g5 66.Rxa3  1/2-1/2

[Event "Lugano op"]
[Site "Lugano"]
[Date "1986.??.??"]
[Round "?"]
[White "Tukmakov, Vladimir B"]
[Black "Levitt, Jonathan"]
[Result "1-0"]
[WhiteElo "2570"]
[BlackElo "2395"]

1.d4 Nf6 2.c4 e6 3.g3 c5 4.Nf3 cxd4 5.Nxd4 d5 6.Bg2 e5 7.Nf3 d4 8.O-O Nc6
9.e3 Bc5 10.exd4 exd4 11.Re1+ Be6 12.Ng5 O-O 13.Nxe6 fxe6 14.Nd2 Qd6 15.Nb3 Rad8
16.a3 d3 17.Be3 Bxe3 18.Rxe3 Nd4 19.c5 Qd7 20.Bf1 Nxb3 21.Qxb3 d2 22.Rd1 Ng4
23.Re2 Kh8 24.h3 Nxf2 25.Rxf2 Rxf2 26.Kxf2 Qd4+ 27.Qe3 Rf8+ 28.Ke2 Qc4+ 29.Kxd2 Rd8+
30.Bd3 e5  1-0

[Event "NRW-ch"]
[Site "Neuss"]
[Date "1986.??.??"]
[Round "11"]
[White "Pieper Emden, Carsten"]
[Black "Rottstaedt, Werner"]
[Result "1/2-1/2"]
[WhiteElo "2335"]
[BlackElo "2270"]

1.d4 Nf6 2.c4 e6 3.g3 c5 4.Nf3 cxd4 5.Nxd4 Bb4+ 6.Bd2 Bxd2+ 7.Qxd2 Ne4 8.Qc2 Qa5+
9.Nd2 Qxd2+ 10.Qxd2 Nxd2 11.Kxd2 Nc6 12.Nb5 Ke7 13.Bg2 Rb8 14.Rhd1 a6 15.Nc3 Ne5
16.b3 f5 17.f4 Ng4 18.h3 Nf6 19.e4 fxe4 20.Nxe4 b6 21.Ke3 Bb7 22.Rd4 Bxe4
23.Bxe4 Nxe4 24.Kxe4 g6 25.Rad1 Rb7 26.Rd6 Rc8  1/2-1/2

[Event "Bhilwara"]
[Site "New Delhi"]
[Date "1986.??.??"]
[Round "?"]
[White "Tukmakov, Vladimir B"]
[Black "Meetei, AB."]
[Result "1-0"]
[WhiteElo "2570"]
[BlackElo "2320"]

1.d4 Nf6 2.c4 e6 3.g3 c5 4.Nf3 cxd4 5.Nxd4 Nc6 6.Bg2 Bc5 7.Nb3 Bb4+ 8.Bd2 d5
9.cxd5 Nxd5 10.O-O O-O 11.Bxb4 Ndxb4 12.Qxd8 Rxd8 13.Nc3 e5 14.Nc5 Rb8 15.Rad1 Nd4
16.e3 Ne6 17.Rxd8+ Nxd8 18.Rd1 Nbc6 19.Nd7 Bxd7 20.Rxd7 Kf8 21.Nb5 a6 22.Nd6 f6
23.Nxb7 Nxb7 24.Bxc6 Nc5 25.Rd5 Ne6 26.b3 Rb6 27.Ba4 g5 28.g4 h5 29.gxh5 Kg7
30.Be8 Kh6 31.h3 Ng7 32.Bg6 Nxh5 33.Bd3  1-0

[Event "Paris"]
[Site "Paris"]
[Date "1986.??.??"]
[Round "?"]
[White "Flear, Glenn C"]
[Black "Renet, Olivier"]
[Result "1/2-1/2"]
[WhiteElo "2155"]
[BlackElo "2480"]

1.d4 Nf6 2.c4 e6 3.g3 c5 4.Nf3 cxd4 5.Nxd4 Qc7 6.Nc3 a6 7.Bg2 Qxc4 8.O-O Qc7
9.Bg5 Be7 10.Rc1 Nc6 11.e4 O-O 12.Be3 Qd8 13.Qe2 d6 14.Nxc6 bxc6 15.e5 Nd5
16.exd6 Qxd6 17.Nxd5 cxd5 18.Bc5 Qxc5 19.Rxc5 Bxc5 20.Rc1 Bd4 21.Qd2 Bf6
22.b4 Bd7 23.Bf1 Rfb8 24.a3 Bb5 25.Bxb5 axb5 26.Qd3 Bb2 27.Rc2 Bxa3 28.Qc3 g6
29.Ra2 Bxb4 30.Rxa8 Bxc3 31.Rxb8+ Kg7 32.Rxb5 g5 33.g4 Kg6 34.Rb7 h6 35.Kg2 Bd2
36.Kf3 Bc3  1/2-1/2

[Event "Sao Paulo"]
[Site "Sao Paulo"]
[Date "1986.??.??"]
[Round "?"]
[White "Rubinetti, Jorge A"]
[Black "Milos, Gilberto"]
[Result "0-1"]
[WhiteElo "2440"]
[BlackElo "2430"]

1.d4 Nf6 2.c4 e6 3.g3 c5 4.d5 exd5 5.cxd5 d6 6.Nc3 g6 7.Bg2 Bg7 8.Nf3 O-O
9.O-O Na6 10.Nd2 Nc7 11.Nc4 Re8 12.Bf4 Bf8 13.a4 b6 14.Re1 Ba6 15.Qb3 Ng4
16.Rad1 Rb8 17.h3 Bxc4 18.Qxc4 Ne5 19.Qa2 a6 20.Bc1 b5 21.f4 Nd7 22.e4 Bg7
23.axb5 axb5 24.Qb1 b4 25.Ne2 Nb5 26.Kh2 Qc8 27.Bd2 Qa6 28.Bf1 Qa4 29.b3 Qa7
30.Qd3 Qa3 31.Rb1 Qa2 32.Kh1 Na3 33.Rbd1 Nc2 34.Bg2 Nxe1 35.Bxe1 f5 36.g4 fxe4
37.Bxe4 Nf6 38.Bf3 Re7 39.Rd2 Qa1 40.Rd1 Qa7 41.Bf2 Rbe8 42.Ng3 Qa2 43.Kg1 Ra8
44.Nf1 Qb2 45.Bxc5 dxc5 46.d6 Rd8 47.Bd5+ Rf7 48.Bxf7+ Kxf7 49.g5 Nh5 50.Qd5+ Kf8
51.Qxc5 Qc3 52.Qc7 Bd4+ 53.Kh2 Re8 54.Qxc3 Bxc3 55.Ne3 Nxf4 56.Ng4 Kg7 57.h4 Ne6  0-1

[Event "Szirak"]
[Site "Szirak"]
[Date "1986.??.??"]
[Round "?"]
[White "Flear, Glenn C"]
[Black "Suba, Mihai"]
[Result "0-1"]
[WhiteElo "2505"]
[BlackElo "2580"]

1.d4 Nf6 2.c4 e6 3.g3 c5 4.Nf3 cxd4 5.Nxd4 Qb6 6.Bg2 Bc5 7.e3 Nc6 8.Nc2 d5
9.cxd5 exd5 10.O-O Bg4 11.f3 Bf5 12.Kh1 O-O 13.Nc3 Rfe8 14.g4 Bxc2 15.Qxc2 Nb4
16.Qb3 Bxe3 17.g5 Nh5 18.Bxe3 Rxe3 19.f4 d4 20.a3 dxc3 21.axb4 cxb2 22.Qxb2 Rae8
23.Qf2 Rb3 24.Rxa7 Qxf2 25.Rxf2 Rxb4 26.Bxb7 Nxf4 27.h4 Nd3 28.Re2 Rb1+  0-1

[Event "Szirak"]
[Site "Szirak"]
[Date "1986.??.??"]
[Round "?"]
[White "Nogueiras, Jesus"]
[Black "Pinter, Jozsef"]
[Result "1/2-1/2"]
[WhiteElo "2570"]
[BlackElo "2555"]

1.d4 Nf6 2.c4 e6 3.g3 c5 4.Nf3 cxd4 5.Nxd4 Bb4+ 6.Nc3 O-O 7.Bg2 d5 8.Qb3 Bxc3+
9.bxc3 dxc4 10.Qa3 Qb6 11.Be3 Qa6 12.Qxa6 Nxa6 13.Nb5 Nd5 14.Bd4 Bd7 15.Rb1 b6
16.Nd6 Bc6 17.O-O Rfd8 18.Nxc4 Ne7 19.a4 Rac8 20.Na3 Bxg2 21.Kxg2 Nc6 22.Nb5 Rd7
23.Be3 Kf8 24.Rfd1 Rcd8 25.Rxd7 Rxd7 26.a5 Nxa5 27.Ra1 Nb8 28.Ra4 Nbc6 29.c4 Nb3
30.Ra3 Nc5 31.Bxc5+ bxc5 32.Ra6 Nd4 33.Nxa7 Nxe2 34.Nc6 f6 35.Nb8 Rd2 36.Rxe6 Nc1
37.Kf3 Nb3 38.Re3 Nd4+ 39.Kg2 Nc2 40.Re6 Nb4 41.Kf3 Kf7 42.Rb6 Rd4 43.Rb7+ Kg8
44.Nd7 Rxc4 45.Nxc5  1/2-1/2

[Event "Szirak"]
[Site "Szirak"]
[Date "1986.??.??"]
[Round "?"]
[White "Nogueiras, Jesus"]
[Black "Romanishin, Oleg M"]
[Result "1/2-1/2"]
[WhiteElo "2570"]
[BlackElo "2560"]

1.d4 Nf6 2.c4 e6 3.g3 c5 4.Nf3 cxd4 5.Nxd4 Bb4+ 6.Nc3 O-O 7.Bg2 d5 8.Qb3 Na6
9.cxd5 Nxd5 10.O-O Nxc3 11.bxc3 Be7 12.Ba3 Bxa3 13.Qxa3 e5 14.Nb5 Qb6 15.Rab1 Nc5
16.Nd4 Qc7 17.Nb3 Nd7 18.Rfd1 a5 19.Qd6 Qc4 20.Qd3 Qc7 21.Qd6 Qc4  1/2-1/2

[Event "Tbilisi tt"]
[Site "Tbilisi"]
[Date "1986.??.??"]
[Round "?"]
[White "Adamski, Jan"]
[Black "Pinter, Jozsef"]
[Result "0-1"]
[WhiteElo "2380"]
[BlackElo "2555"]

1.d4 Nf6 2.c4 e6 3.g3 c5 4.Nf3 cxd4 5.Nxd4 Bb4+ 6.Nc3 O-O 7.Bg2 d5 8.cxd5 Nxd5
9.Bd2 Nxc3 10.bxc3 Be7 11.O-O e5 12.Nb3 Nc6 13.Be3 Qc7 14.Qc2 b6 15.c4 Be6
16.Qb2 Rac8 17.a4 Rb8 18.Rfc1 Bc5 19.Bxc6 Bxe3 20.fxe3 Qxc6 21.Qxe5 Bh3 22.Qd5 Qh6
23.Rc3 Rbe8 24.Qd4 Qg6 25.Rd1 Qc6 26.Qd5 Qxa4 27.Qb5 Qa3 28.Qh5 Qb2 29.Rdd3 Bc8
30.Nd2 Qa1+ 31.Kf2 Re6 32.Nf3 Bb7 33.c5  0-1

[Event "Aalborg op"]
[Site "Aalborg"]
[Date "1987.??.??"]
[Round "6"]
[White "Kuehn, M."]
[Black "Vitko, Greg"]
[Result "1/2-1/2"]
[WhiteElo "2230"]
[BlackElo "2310"]

1.d4 Nf6 2.c4 e6 3.g3 c5 4.d5 exd5 5.cxd5 d6 6.Nc3 g6 7.Nf3 Bg7 8.Bg2 O-O
9.O-O a6 10.a4 Re8 11.Nd2 Nbd7 12.h3 Qc7 13.a5 b5 14.axb6 Nxb6 15.Nb3 Bd7
16.Na5 Bb5 17.Re1 Nfd7 18.Bd2 Ne5 19.b3 f5 20.Qc2 Ned7 21.Rad1 Nf6 22.Qa2 Qf7
23.Nc4 Bxc4 24.bxc4 Nbd7 25.Rb1 Qf8 26.Rb3 Reb8 27.Ra3 Qc8 28.Kh2 Ne8 29.e4 fxe4
30.Qc2 Ndf6 31.Nxe4 Nxe4 32.Qxe4 Rb2 33.Re2 Nc7 34.Bf3 Qf8 35.Bg4 Qf6 36.Bc3 Rxe2
37.Qxe2 Qf7 38.Be6 Nxe6 39.dxe6 Qe7 40.Bxg7 Kxg7 41.Qe4 Ra7 42.Rf3 Qd8  1/2-1/2

[Event "ISL-ch"]
[Site "Akureyri"]
[Date "1987.??.??"]
[Round "1"]
[White "Olafsson, Helgi"]
[Black "Petursson, Margeir"]
[Result "1/2-1/2"]
[WhiteElo "2550"]
[BlackElo "2535"]

1.d4 Nf6 2.c4 e6 3.g3 c5 4.Nf3 cxd4 5.Nxd4 Qb6 6.Bg2 Bc5 7.e3 Nc6 8.Nb3 Bb4+
9.N3d2 O-O 10.a3 Be7 11.Nc3 Rd8 12.e4 a6 13.O-O d6 14.b3 Rb8 15.Bb2 Qa7 16.Rc1  1/2-1/2

[Event "Wch U20"]
[Site "Baguio"]
[Date "1987.??.??"]
[Round "?"]
[White "Agdestein, Simen"]
[Black "Wahls, Matthias"]
[Result "1-0"]
[WhiteElo "2565"]
[BlackElo "2435"]

1.d4 Nf6 2.c4 e6 3.g3 c5 4.d5 exd5 5.cxd5 d6 6.Bg2 g6 7.Nf3 Bg7 8.O-O O-O
9.Nc3 a6 10.a4 Nbd7 11.h3 Re8 12.Qc2 Rb8 13.a5 Ne5 14.Nxe5 Rxe5 15.e4 Re8
16.Bd2 Bd7 17.Ra2 b5 18.axb6 Rxb6 19.Rfa1 Qb8 20.Nd1 Bb5 21.Bc3 Rb7 22.f4 Rbe7
23.Nf2 h6 24.Bf3 Qd8 25.b3 Nd7 26.Bxg7 Kxg7 27.Qc3+ Kh7 28.Re1 Rf8 29.h4 Ree8
30.e5 dxe5 31.fxe5 Qe7 32.e6 fxe6 33.dxe6 Qf6 34.Qxf6 Nxf6 35.Rc2 Re7 36.Rxc5 Nd7
37.Rc3 Rfe8 38.Bg4 Nf6 39.Bh3 Kg7 40.Rd1 Nh5 41.Ne4 Nf6 42.Nd6 Rb8 43.Rdc1 Be8
44.Ra1 Nd5 45.Rc8 Rxc8 46.Nxc8 Rc7 47.Nd6 Bb5 48.Bf1 Rc3 49.Bxb5 axb5 50.Ra7+ Kf8
51.Kf2 Rc6 52.Rf7+ Kg8 53.Rd7 Nf6 54.Rd8+ Kg7 55.Ke2 b4 56.e7 Rc2+ 57.Kd3 Rc3+
58.Kd4 Rxg3 59.Rf8 Rg4+ 60.Kd3 Rg3+ 61.Ke2 Rg2+ 62.Kf1  1-0

[Event "Espoo"]
[Site "Espoo"]
[Date "1987.??.??"]
[Round "5"]
[White "Nikolic, Nebojsa"]
[Black "Pulkkinen, Kari"]
[Result "1-0"]
[WhiteElo "2340"]
[BlackElo "2240"]

1.d4 Nf6 2.c4 e6 3.g3 c5 4.d5 exd5 5.cxd5 d6 6.Nc3 g6 7.Bg2 Bg7 8.Nf3 O-O
9.O-O Na6 10.Nd2 Nc7 11.a4 b6 12.Rb1 Re8 13.Re1 Rb8 14.Nc4 Ba6 15.Na3 Nd7
16.Bd2 Ne5 17.Qc2 Bb7 18.h3 a6 19.b4 b5 20.axb5 axb5 21.bxc5 dxc5 22.Naxb5 Nxd5
23.Nxd5 Bxd5 24.Bxd5 Qxd5 25.Nc7 Qd7 26.Nxe8 Rxe8 27.Kg2 h5 28.Bf4 Qd5+ 29.e4 Qc6
30.Bxe5 Bxe5 31.Qc4 Bd4 32.Qb5 Qe6 33.h4 Ra8 34.Re2 Ra3 35.Qb8+ Kg7 36.Qf4 Be5
37.Qg5 c4 38.Rb5 Bf6 39.Qc5 Rd3 40.Rb8 Kh7 41.Qc8 Bd4 42.Qxe6 fxe6 43.e5 c3
44.Rd8 Kg7 45.Ra2 g5 46.hxg5 Kg6 47.Kf1 Kf5 48.Ke2 Ke4 49.f3+  1-0

[Event "Jurmala"]
[Site "Jurmala"]
[Date "1987.??.??"]
[Round "?"]
[White "Razuvaev, Yuri S"]
[Black "Arnason, Jon L"]
[Result "1/2-1/2"]
[WhiteElo "2490"]
[BlackElo "2555"]

1.d4 Nf6 2.c4 e6 3.g3 c5 4.d5 exd5 5.cxd5 d6 6.Nc3 g6 7.Bg2 Bg7 8.Nf3 O-O
9.O-O a6 10.a4 Nbd7 11.h3 Re8 12.Re1 Rb8 13.Bf4 Qc7 14.e4 Nh5 15.Be3 b5 16.axb5 axb5
17.Bf1 Qb6 18.Nd2 Ba6 19.Ra2 Ra8 20.Qa1 Qb7 21.Ra5 c4 22.Na2 Qc7 23.Nc3 Qb7
24.Na2  1/2-1/2

[Event "NOR-ch"]
[Site "Kristiansand"]
[Date "1987.??.??"]
[Round "?"]
[White "Scholseth, Tor Kristian"]
[Black "Ogaard, Leif"]
[Result "1/2-1/2"]
[WhiteElo "2265"]
[BlackElo "2435"]

1.d4 Nf6 2.c4 e6 3.g3 c5 4.Nf3 cxd4 5.Nxd4 d5 6.Bg2 e5 7.Nf3 d4 8.O-O Nc6
9.e3 Be6 10.exd4 exd4 11.Re1 Be7 12.Bg5 O-O 13.Nbd2 h6 14.Bf4 d3 15.a3 Rc8
16.Rc1 Bf5 17.h3 Bd6 18.Be3 Qd7 19.Kh2 Rfe8 20.b4 Re7 21.c5 Bc7 22.b5 Ne5
23.Nd4  1/2-1/2

[Event "NOR-ch"]
[Site "Kristiansand"]
[Date "1987.??.??"]
[Round "?"]
[White "Scholseth, Tor Kristian"]
[Black "Elseth, Roar"]
[Result "1-0"]
[WhiteElo "2265"]
[BlackElo "2285"]

1.d4 Nf6 2.c4 e6 3.g3 c5 4.Nf3 cxd4 5.Nxd4 Nc6 6.Bg2 Bb4+ 7.Bd2 Be7 8.Nxc6 bxc6
9.e4 e5 10.O-O Qb6 11.Bc3 d6 12.Nd2 Be6 13.b4 Ng4 14.Qe2 O-O 15.a4 a6 16.h3 Nh6
17.a5 Qa7 18.Kh2 Rad8 19.Rab1 f6 20.Rb2 Rc8 21.Rd1 Rfd8 22.Nf1 Kh8 23.Ne3 Bf8
24.Be1 Rd7 25.Rdb1 Rb7 26.b5 cxb5 27.cxb5 axb5 28.Rxb5 Rbc7 29.Qb2 Nf7 30.Rb8 Nd8
31.Qb6 Nc6 32.Rxc8 Rxc8 33.Bf1 Qf7 34.a6 Nd4 35.Qb7 Rc7 36.Qb8 Nc6 37.Qb6 Nd4
38.Qb8 Nc6 39.Qa8 Rc8 40.Qb7 Rc7 41.Qb5 Nd4 42.Qb6 Nf3+ 43.Kh1 Nxe1 44.Rxe1 Ra7
45.Rb1 g6 46.Qb8 d5 47.exd5 Bxd5+ 48.Nxd5 Qxd5+ 49.Bg2 Qc5 50.Rb5  1-0